[Event "Madurai Athens of the East op-B U1600"]
[Site "Madurai"]
[Date "2023.12.29"]
[Round "9"]
[White "Shejal, Sahil Sanjay"]
[Black "Prawin, K."]
[Result "1-0"]
[WhiteElo "1475"]
[BlackElo "1558"]
[PlyCount "131"]
[EventDate "2023.12.27"]
[EventType "swiss"]
[EventRounds "9"]
[EventCountry "IND"]
[SourceTitle "CB02_2024"]
[SourceDate "2024.01.10"]
[SourceVersion "1"]
[SourceVersionDate "2024.01.10"]
[SourceQuality "1"]

1. e4 d6 2. d4 Nf6 3. Bd3 e5 4. d5 c6 5. c4 b5 6. cxb5 cxd5 7. exd5 Bb7 8. Bc4 Nbd7 9. Nc3 Rc8 10. Bb3 Nc5 11. Be3 Qa5 12. Nge2 a6 13. bxa6 Bxa6 14. Bxc5 Rxc5 15. Ba4+ Kd8 16. Bc6 Bxe2 17. Kxe2 Qb4 18. Qb3 Qg4+ 19. Kf1 Ne4 20. Nxe4 Qxe4 21. Re1 Qf5 22. Qh3 Qxh3 23. gxh3 Rc2 24. Re2 Rc1+ 25. Kg2 Rxh1 26. Kxh1 Be7 27. a4 Kc7 28. b4 Rb8 29. Rb2 e4 30. a5 Bf6 31. Rb3 Bd4 32. Kg2 f5 33. h4 f4 34. b5 f3+ 35. Kf1 h5 36. Ke1 Bc5 37. b6+ Kc8 38. Kf1 g6 39. h3 Kd8 40. Kg1 Kc8 41. Rb5 Kd8 42. Kf1 Kc8 43. Rb2 Kd8 44. Rb1 Kc8 45. Re1 Bxb6 46. axb6 Rxb6 47. Rxe4 Rb1+ 48. Re1 Rb4 49. Kg1 Rxh4 50. Kh2 g5 51. Kg3 Rf4 52. Re7 h4+ 53. Kh2 g4 54. hxg4 Rd4 55. Rf7 Kd8 56. Rxf3 Rxg4 57. Kh3 Rb4 58. Rf8+ Ke7 59. Rh8 Rf4 60. Kg2 Rg4+ 61. Kf3 Rb4 62. Ke3 Rb3+ 63. Ke4 h3 64. f3 Rb4+ 65. Kf5 h2 66. Rxh2 1-0

[Event "Madurai Athens of the East op-C U1700"]
[Site "Madurai"]
[Date "2023.12.26"]
[Round "7"]
[White "Shejal, Sahil Sanjay"]
[Black "Farhaan, M."]
[Result "1-0"]
[WhiteElo "1475"]
[BlackElo "1603"]
[PlyCount "73"]
[EventDate "2023.12.24"]
[EventType "swiss"]
[EventRounds "9"]
[EventCountry "IND"]
[SourceTitle "CB06_2024"]
[SourceDate "2024.02.07"]
[SourceVersion "1"]
[SourceVersionDate "2024.02.07"]
[SourceQuality "1"]

1. e4 e6 2. d4 d5 3. Nc3 Nf6 4. e5 Nfd7 5. f4 c5 6. Nf3 Nc6 7. Ne2 Qb6 8. c3 cxd4 9. cxd4 f6 10. Nc3 Be7 11. g3 0-0 12. Bh3 Na5 13. 0-0 f5 14. Rf2 Rd8 15. g4 fxg4 16. Bxg4 Nf8 17. h4 Bd7 18. f5 Be8 19. Rg2 exf5 20. Bxf5 Bg6 21. Bxg6 Nxg6 22. h5 Nh8 23. Qe1 Qe6 24. Qg3 g6 25. Bg5 Rd7 26. Bxe7 Rxe7 27. Ng5 Qb6 28. Rd1 Rd8 29. Kh1 Nc6 30. Qg4 Nb4 31. a3 Na6 32. Rf1 Nc7 33. Rf6 Qb3 34. Qf3 Qc4 35. Rf2 Ree8 36. hxg6 h6 37. g7 1-0

[Event "Madurai Athens of the East op-C U1700"]
[Site "Madurai"]
[Date "2023.12.25"]
[Round "5"]
[White "Shejal, Sahil Sanjay"]
[Black "Sanjay, Chhabra"]
[Result "1/2-1/2"]
[WhiteElo "1475"]
[BlackElo "1648"]
[PlyCount "96"]
[EventDate "2023.12.24"]
[EventType "swiss"]
[EventRounds "9"]
[EventCountry "IND"]
[SourceTitle "CB06_2024"]
[SourceDate "2024.02.07"]
[SourceVersion "1"]
[SourceVersionDate "2024.02.07"]
[SourceQuality "1"]

1. e4 c5 2. c3 Nf6 3. e5 Nd5 4. d4 cxd4 5. cxd4 d6 6. Bc4 Nb6 7. Bd3 Nc6 8. exd6 Qxd6 9. Ne2 Bg4 10. f3 Be6 11. Bf4 Qd7 12. Nbc3 Nd5 13. Qd2 g6 14. Nxd5 Bxd5 15. Bb5 Bg7 16. Be5 0-0 17. Bxg7 Kxg7 18. 0-0 Rfd8 19. Rfd1 a6 20. Bxc6 Bxc6 21. Nc3 e6 22. Qe3 Qd6 23. Ne4 Bxe4 24. fxe4 Rd7 25. Rd2 Rad8 26. Rad1 Qb6 27. Kf2 Qa5 28. Qc3 Qxa2 29. d5+ Kg8 30. d6 Qa4 31. e5 Qc6 32. Qxc6 bxc6 33. Rc1 Rc8 34. Rdc2 Rb8 35. Rxc6 Rxb2+ 36. R1c2 Rxc2+ 37. Rxc2 f6 38. Ke3 fxe5 39. Rd2 Kf7 40. Ke4 Ke8 41. Kxe5 Rb7 42. Kxe6 Rb1 43. Ra2 Re1+ 44. Kf6 Rf1+ 45. Kg7 Rf7+ 46. Kh6 Ra7 47. Re2+ Kd8 48. Rf2 Ke8 1/2-1/2

[Event "Thane ARMS op 1st"]
[Site "Thane"]
[Date "2018.04.22"]
[Round "8"]
[White "Shejal, Sahil Sanjay"]
[Black "Dhiraj, Patil"]
[Result "0-1"]
[WhiteElo "1320"]
[BlackElo "1855"]
[PlyCount "38"]
[EventDate "2018.04.21"]
[EventType "swiss (rapid)"]
[EventRounds "9"]
[EventCountry "IND"]
[SourceTitle "CBM 184 Extra"]
[Source "ChessBase"]
[SourceDate "2018.06.28"]
[SourceVersion "1"]
[SourceVersionDate "2018.06.28"]
[SourceQuality "1"]

1. e4 d5 2. exd5 Nf6 3. c4 e6 4. dxe6 Bxe6 5. d4 Bb4+ 6. Nc3 Ne4 7. Nge2 Nc6 8. d5 Qf6 9. f3 Nxc3 10. bxc3 0-0-0 11. Qb3 Rhe8 12. dxc6 Bxc4 13. Qxc4 Bxc3+ 14. Kf2 Bxa1 15. Qg4+ Kb8 16. g3 Qxc6 17. Be3 Rxe3 18. Kxe3 Qc5+ 19. Kf4 Qe5# 0-1

[Event "Thane ARMS op 1st"]
[Site "Thane"]
[Date "2018.04.21"]
[Round "3"]
[White "Nair, Sanjeev"]
[Black "Shejal, Sahil Sanjay"]
[Result "1-0"]
[WhiteElo "1829"]
[BlackElo "1320"]
[PlyCount "39"]
[EventDate "2018.04.21"]
[EventType "swiss (rapid)"]
[EventRounds "9"]
[EventCountry "IND"]
[SourceTitle "CBM 184 Extra"]
[Source "ChessBase"]
[SourceDate "2018.06.28"]
[SourceVersion "1"]
[SourceVersionDate "2018.06.28"]
[SourceQuality "1"]

1. e4 e5 2. Nc3 Nc6 3. g3 g6 4. Bg2 Bg7 5. d3 d6 6. f4 f5 7. Nf3 Nf6 8. 0-0 0-0 9. exf5 Bxf5 10. fxe5 dxe5 11. h3 Qd6 12. Ng5 h6 13. Nge4 Qe7 14. Be3 Nxe4 15. Nxe4 Nd4 16. c3 Ne6 17. Qb3 c6 18. Bc5 Qe8 19. Bxf8 Bxf8 20. Nf6+ 1-0